000 00956nam a2200229Ia 4500
003 OSt
005 20220923220634.0
006 a|||||r|||| 00| 0
007 ta
008 220922b |||||||| |||| 00| 0 hin d
024 _a188,220
037 _cTextual
040 _aARTS
_cARTS
_bhin
041 _2hin
_ahin
082 _aV4313:25.N7, 152L3
100 _aधीरेन्द्र
245 0 _aवियतनाम का स्वातन्त्रय सधर्ष और हिन्दी चीन में संयुक्त राज्य अमरीका का हस्तेक्षप
246 _aViyatanām kā swātantraya sadharṣha aur hindī chīn mean sanyukta rājya amarīkā kā hastekṣhapa
260 _aदिल्ली
_b नेशनल पब्लिर्शिग
_c1973
942 _hV4313:25.N7, 152L3
_cTEXL
_2CC
999 _c341296
_d341296